书目信息 |
| 题名: |
社会主义市场经济
|
|
| 作者: | 北京军地专修学院 编 | |
| 分册: | ||
| 出版信息: | 北京 北京军地专修学院 2003 |
|
| 页数: | 242页 | |
| 开本: | 20cm | |
| 丛书名: | ||
| 单 册: | ||
| 中图分类: | F045.5 | |
| 科图分类: | ||
| 主题词: | 社会主义社会--生产方式 | |
| 电子资源: | ||
| ISBN: | 7-5035-0726-8 | |
| 000 | 00649nam0 2200205 45 | |
| 001 | 0193037020 | |
| 005 | 20070804173455.85 | |
| 010 | @a7-5035-0726-8@dCNY4.80 | |
| 100 | @a19930828d2003 em y0chiy0121 ea | |
| 101 | 0 | @achi |
| 102 | @aCN@b110000 | |
| 105 | @ay z 000yy | |
| 200 | 10 | @a社会主义市场经济@Ashe hui zhu yi shi chang jing ji@f北京军地专修学院编@Fbei jing jun di zhuan xiu xue yuan bian |
| 210 | @a北京@c北京军地专修学院@d2003 | |
| 215 | @a242页@d20cm | |
| 606 | 0 | @a社会主义社会@x生产方式 |
| 690 | @aF045.5@v3 | |
| 701 | 0 | @a北京军地专修学院@Abei jing jun di zhuan xiu xue yuan@4编 |
| 801 | 0 | @aCN@bNLC@c20070804 |
| 905 | @dF045.5@e118 | |
| 社会主义市场经济/北京军地专修学院编.-北京:北京军地专修学院,2003 |
| 242页;20cm |
| ISBN 7-5035-0726-8:CNY4.80 |
| ● |
| 相关链接 |
|
|
|
|
正题名:社会主义市场经济
索取号:F045.5/118
 
预约/预借
| 序号 | 登录号 | 条形码 | 馆藏地/架位号 | 状态 | 备注 |
| 1 | 0791306 | 207913061 | 第一样本阅览室/ [索取号:F045.5/118] | 在馆 |